The Scheme for Construction Contracts (England and Wales) Regulations 1998 (Record no. 112501)

MARC details
000 -LEADER
fixed length control field 01721cad a22002295a 4500
001 - CONTROL NUMBER
control field L153407
008 - FIXED-LENGTH DATA ELEMENTS--GENERAL INFORMATION
fixed length control field 110721s2011 xxk f 000 0 eng d
035 ## - SYSTEM CONTROL NUMBER
System control number (Sirsi) u153407
041 0# - LANGUAGE CODE
Language code of text/sound track or separate title eng
110 2# - MAIN ENTRY--CORPORATE NAME
Corporate name or jurisdiction name as entry element United Kingdom
Subordinate unit Department for Business, Innovation and Skills
9 (RLIN) 5760
245 04 - TITLE STATEMENT
Title The Scheme for Construction Contracts (England and Wales) Regulations 1998
Remainder of title analysis of consultation responses, June 2011
Medium [electronic resource]
260 ## - PUBLICATION, DISTRIBUTION, ETC.
Place of publication, distribution, etc. London
Name of publisher, distributor, etc. DBIS
Date of publication, distribution, etc. 2011
520 ## - SUMMARY, ETC.
Summary, etc. This analysis relates to the Consultation on Amendments to the Scheme for Construction Contracts (England and Wales) Regulations 1998. That consultation sought views on amendments to the Scheme following the enactment of Part 8 of Local Democracy, Economic Development and Construction Act 2009. The 2009 Act made some important changes to the payment regime, to the right to submit a dispute to adjudication and to the right to suspend performance of a construction contract because of non-payment. Respondents came from across the industry including trade associations representing SMEs in construction supply chains, as well as those who provide dispute resolution services to it.
590 ## - LOCAL NOTE (RLIN)
Local note KA NTK
650 24 - SUBJECT ADDED ENTRY--TOPICAL TERM
Topical term or geographic name entry element LOCAL DEMOCRACY, ECONOMIC DEVELOPMENT AND CONSTRUCTION ACT 2009
650 24 - SUBJECT ADDED ENTRY--TOPICAL TERM
Topical term or geographic name entry element HOUSING GRANTS, CONSTRUCTION AND REGENERATION ACT 1996
651 #4 - SUBJECT ADDED ENTRY--GEOGRAPHIC NAME
Geographic name England and Wales
Chronological subdivision 1543-
690 ## - LOCAL SUBJECT ADDED ENTRY--TOPICAL TERM (OCLC, RLIN)
Topical term or geographic name as entry element Procurement
9 (RLIN) 6260
690 ## - LOCAL SUBJECT ADDED ENTRY--TOPICAL TERM (OCLC, RLIN)
Topical term or geographic name as entry element BUILT ENVIRONMENT-CONSTRUCTION MANAGEMENT-BUILDING CONTRACT ADMINISTRATION
856 40 - ELECTRONIC LOCATION AND ACCESS
Uniform Resource Identifier <a href="https://www.bis.gov.uk/assets/biscore/business-sectors/docs/s/11-1013-scheme-for-construction-contracts-consultation-responses">https://www.bis.gov.uk/assets/biscore/business-sectors/docs/s/11-1013-scheme-for-construction-contracts-consultation-responses</a>
Public note View the consultation free of charge at www.bis.gov.uk
942 ## - ADDED ENTRY ELEMENTS (KOHA)
Suppress in OPAC 0
Holdings
Withdrawn status Lost status Source of classification or shelving scheme Damaged status Not for loan Home library Current library Shelving location Date acquired Total Checkouts Full call number Barcode Date last seen Copy number Price effective from Koha item type
    Dewey Decimal Classification     Virtual Virtual Online 21/07/2011   ONLINE PUBLICATION 153407-2001 06/08/2019 1 06/08/2019 Book